| 000 | 00622nam a2200253Ia 4500 | ||
|---|---|---|---|
| 001 | 16169 | ||
| 003 | GE_BSU | ||
| 008 | 181216s||||||||xx |||||||||||||| ||und|| | ||
| 020 | _a9781780986579 | ||
| 040 | _cGE_BSU | ||
| 080 | _a811.111+61 | ||
| 100 | _aEvans,Virginia. Dooley,J.Trang M. | ||
| 245 | _aMedical. Book1.Book2.Book3. | ||
| 245 | _b+Audio CDs | ||
| 260 | _aNewbury | ||
| 260 | _bExpress Publishing | ||
| 260 | _c2011 | ||
| 300 | _a127p.ill.30cm. | ||
| 541 | _h24Gel.94T. | ||
| 653 | _aMedical | ||
| 653 | _aინგლისური ენა | ||
| 653 | _aმედიცინა | ||
| 942 | _cBK | ||
| 999 |
_c49255 _d49255 |
||